000
00242nam a22000857a 4500
008
161013b xxu||||| |||| 00| 0 eng d
100
_9
840
_a
Bahuguna.R
245
_a
Indian Economic Devolopment-XI
260
_a
New Delhi
_b
Dhanpatrai Publications
_c
2016
999
_c
3492
_d
3492